Adatelemzési folyamatok hatékonyságának optimalizálása

Bibliographic Details
Main Author: Huk László
Other Authors: Kovács Dr. Endre
Format: Thesis
Kulcsszavak:Folyamatoptimalizálás
Adatelemzés
folyamatjavítás
Online Access:http://dolgozattar.uni-bge.hu/14514

MARC

LEADER 00000nta a2200000 i 4500
001 dolg14514
005 20171218133426.0
008 171218suuuu hu om 000 hun d
040 |a BGE Dolgozattár Repozitórium  |b hun 
041 |a hu 
100 1 |a Huk László 
245 1 0 |a Adatelemzési folyamatok hatékonyságának optimalizálása  |c Huk László  |h [elektronikus dokumentum] 
695 |a Folyamatoptimalizálás 
695 |a Adatelemzés 
695 |a folyamatjavítás 
700 1 |a Kovács Dr. Endre  |e ths 
856 4 0 |u http://dolgozattar.uni-bge.hu/14514/1/Huk_Laszlo__Szakdolgozat.pdf  |z Dokumentum-elérés 
856 4 0 |u http://dolgozattar.uni-bge.hu/14514/8/Nyilatkozat.pdf  |z Dokumentum-elérés